| 000 | 00494nam a2200157Ia 4500 | ||
|---|---|---|---|
| 008 | 151021s9999 xx 000 0 und d | ||
| 020 | _a013098745x | ||
| 050 | _aLC 1099.3.C36 2004 | ||
| 245 | _a_Choosing democracy A practical gude to multicultural education(3rd ed.) Duane E. Campbell | ||
| 260 | _aNew Jersey Pearson 2004 | ||
| 300 | _axxv,514p. | ||
| 500 | _ainclude index | ||
| 500 | _ainclude index | ||
| 650 | _a_Multicultural education | ||
| 980 | _a^d20120827 01:07:45^oanne | ||
| 999 |
_c12507 _d12507 |
||